000 00495nam a22001817a 4500
003 OSt
005 20241119100038.0
008 241119s2020 ag ||||| |||| 00| 0 spa d
020 _a9789878635187
040 _cbesoc
100 1 0 _aMéndez, María Lorena,
_eautor
245 1 0 _aMi casa /
_cLorena Méndez
250 _a2a ed.
260 _aRosario :
_bMburucuyá,
_c2020
300 _a48 p.
650 4 _aLiteratura argentina
_vCuentos
_ySiglo XXI
_xColección infantil y juvenil
942 _2udc
_cOG
_n0
999 _c379
_d379